书目信息 |
| 题名: |
测量学实验
|
|
| 作者: | 顾孝烈 , 鲍峰 编著 | |
| 分册: | ||
| 出版信息: | 上海 同济大学出版社 1996.02 |
|
| 页数: | 142页 | |
| 开本: | 16开 | |
| 丛书名: | ||
| 单 册: | ||
| 中图分类: | P2-33 | |
| 科图分类: | ||
| 主题词: | 测绘学 , 测量学 | |
| 电子资源: | ||
| ISBN: | 7-5608-1062-4 | |
| 000 | 00600nam0 2200217 45 | |
| 001 | 0009151555 | |
| 005 | 20000915155357.8 | |
| 010 | @a7-5608-1062-4@d11.50元 | |
| 100 | @a20000915d1996 km y0chiy0120 ea | |
| 101 | 0 | @achi |
| 105 | @a z 000yy | |
| 200 | 1 | @a测量学实验@ACe Liang Xue Shi Yan@f顾孝烈,鲍峰编著@FGu Xiao Lie,Bao Feng Bian Zhu |
| 210 | @a上海@c同济大学出版社@d1996.02 | |
| 215 | @a142页@d16开 | |
| 606 | 0 | @a测绘学 |
| 606 | 0 | @a测量学 |
| 690 | @aP2-33@v3 | |
| 701 | 0 | @a顾孝烈@4编著 |
| 701 | 0 | @a鲍峰@4编著 |
| 801 | @aCN@bPftUser@c20000915 | |
| 905 | @b144020-029@dP2-33@eG464@f10 | |
| 测量学实验/顾孝烈,鲍峰编著.-上海:同济大学出版社,1996.02 |
| 142页;16开 |
| ISBN 7-5608-1062-4:11.50元 |
| ● |
| 相关链接 |
|
|
|
正题名:测量学实验
索取号:P2-33/G464
 
预约/预借
| 序号 | 登录号 | 条形码 | 馆藏地/架位号 | 状态 | 备注 |
| 1 | 144020 | 201440208 | 社科二线400B/400B社科库 7排2列3层/ [索取号:P2-33/G464] | 在馆 | |
| 2 | 144021 | 201440217 | 社科二线400B/400B社科库 1排1列1层/ [索取号:P2-33/G464] | 在馆 | |
| 3 | 144022 | 201440226 | 社科二线400B/400B社科库 7排1列4层/ [索取号:P2-33/G464] | 在馆 | |
| 4 | 144023 | 201440235 | 社科二线400B/400B社科库 7排2列3层/ [索取号:P2-33/G464] | 在馆 | |
| 5 | 144024 | 201440244 | 社科二线400B/400B社科库 4排4列6层/ [索取号:P2-33/G464] | 在馆 | |
| 6 | 144025 | 201440253 | 社科二线400B/401自科库 112排1列2层/ [索取号:P2-33/G464] | 在馆 | |
| 7 | 144026 | 201440262 | 社科二线400B/400B社科库 7排2列3层/ [索取号:P2-33/G464] | 在馆 | |
| 8 | 144027 | 201440271 | 社科二线400B/400B社科库 1排1列1层/ [索取号:P2-33/G464] | 在馆 | |
| 9 | 144028 | 201440280 | 社科二线400B/400B社科库 3排1列6层/ [索取号:P2-33/G464] | 在馆 | |
| 10 | 144029 | 201440299 | 社科二线400B/400B社科库 4排4列6层/ [索取号:P2-33/G464] | 在馆 |